| 000 | 00449nam a22001697a 4500 | ||
|---|---|---|---|
| 003 | NUST - PNEC | ||
| 005 | 20170116181155.0 | ||
| 008 | 160111b xxu||||| |||| 00| 0 eng d | ||
| 020 | _a- | ||
| 040 | _cLIBRARY | ||
| 082 | _a891.439 NAD | ||
| 100 |
_915873 _aNadvi, Maulana Syed Abul Hasan |
||
| 245 |
_aNaqoosh e Iqbal _cMaulana Syed Abul Hasan Ali Nadvi |
||
| 260 | _aKarachi: | ||
| 650 |
_915875 _aUrdu Literature _xGeneral |
||
| 942 |
_2ddc _cBK |
||
| 999 |
_c71182 _d71182 |
||